000 00411cam a2200169ua 4500
020 _c37.00
041 _aeng
_h
082 _a307.72
_bALL/RU
100 _aAllen, H.B .
245 _aRural reconstruction in action /
_cH.B.Allen.
_hTextual Documents
260 _a :
_bCornell University press ,
_c1954.
300 _a204 ; .
365 _a37.00
504 _a
942 _cBK
999 _c1640
_d1640